000 00487nam a2200181Ia 4500
008 090123s9999 xx 000 0 und d
082 _b17902
_a891.463/रानडे
100 _aरानडे जयंत
245 _aगँग
250 _a1
260 _bरावजी प्रकाशन
_c1989
300 _a113
600 _aरानडे जयंत
630 _aगँग
700 _aरानडे जयंत
730 _aगँग
942 _cBOOK
999 _c55962
_d55962